| 000 | 00651cab a2200217 4500 | ||
|---|---|---|---|
| 001 | WB3027-22 | ||
| 008 | 090401t1994 xxu||||| |||| 00| 0 eng d | ||
| 035 | _a(Sirsi) u4321 | ||
| 041 | _aeng | ||
| 245 | _aCable company will reroute | ||
| 260 | _c1994 | ||
| 350 | _a0 | ||
| 490 |
_aFarming News _v8 July 1994, 1 |
||
| 520 | _aTelecommunications firm Energis will reroute its national fibre optic cable network where landowners refuse to sign wayleave agreements. | ||
| 650 | _aCABLING | ||
| 650 | _aTELECOMMUNICATIONS | ||
| 650 | _aWAYLEAVE AGREEMENTS | ||
| 690 | _aHIGHWAYS RIGHTS OF WAY AND EASEMENTS | ||
| 942 | _n0 | ||
| 948 | _c04/03/1997 | ||
| 999 |
_c2592 _d2592 |
||